| 000 | 00960nam a22001937a 4500 | ||
|---|---|---|---|
| 999 |
_c62805 _d62805 |
||
| 003 | Ge_BSU | ||
| 005 | 20250226123643.0 | ||
| 008 | 250226s1965 ge ||||| |||| 00| 0 geo d | ||
| 041 | _ageo | ||
| 080 | _a615.83(075.32) ფ-30 | ||
| 100 |
_aფარჯანაძე, შ. _911562 |
||
| 245 |
_aფიზიოთერაპიის და საექიმო ფიზკულტურის სახელმძღვანელო : _b[საშ. სამედ. სასწავლებლებისათვის] / _c შ. ფარჯანაძე, რ. სვანიშვილი. |
||
| 264 |
_aთბილისი : _bგანათლება, _c1965. |
||
| 300 |
_a284 გვ. : _bილ. ; _c26 სმ. |
||
| 653 | _aფიზიოთერაპია | ||
| 653 | _aსაექიმო ფიზკულტურა | ||
| 700 |
_aსვანიშვილი, რ. _eავტორი _911563 |
||
| 942 |
_2udc _cBK |
||